[Event "Cambridge op 2nd"]
[Site "Cambridge"]
[Date "2024.02.20"]
[Round "3"]
[White "Blauhut, Holger"]
[Black "Wynarczyk, Raymond"]
[Result "1/2-1/2"]
[WhiteElo "2016"]
[BlackElo "1712"]
[PlyCount "90"]
[EventDate "2024.02.19"]
[EventType "swiss"]
[EventRounds "9"]
[EventCountry "ENG"]
[SourceTitle "CB09_2024"]
[SourceDate "2024.02.28"]
[SourceVersion "1"]
[SourceVersionDate "2024.02.28"]
[SourceQuality "1"]

1. e4 d6 2. d4 Nf6 3. Nc3 Nbd7 4. Nf3 e5 5. Bc4 Be7 6. 0-0 0-0 7. a4 c6 8. h3 Qc7 9. a5 exd4 10. Nxd4 Ne5 11. Be2 Re8 12. f4 Ng6 13. f5 Ne5 14. Bf4 Rb8 15. g4 h6 16. h4 Nh7 17. Qe1 Qd8 18. Nf3 Nxf3+ 19. Bxf3 Bxh4 20. Qd2 Bg5 21. Qxd6 Ra8 22. Qxd8 Rxd8 23. Bxg5 Nxg5 24. Bg2 f6 25. Rfd1 Bd7 26. Na4 Be8 27. Kf2 h5 28. Kg3 hxg4 29. Kxg4 Nf7 30. Nc5 Ne5+ 31. Kg3 b6 32. axb6 Rxd1 33. b7 Rdd8 34. bxa8Q Rxa8 35. b3 Bf7 36. Bf1 a5 37. Ba6 Nd7 38. Nxd7 Rxa6 39. Nc5 Ra7 40. Ra4 g6 41. fxg6 Bxg6 42. b4 Rg7 43. Kf4 axb4 44. Rxb4 Re7 45. Rb8+ Be8 1/2-1/2

[Event "Harrogate 4NCL op 31st"]
[Site "Harrogate"]
[Date "2024.01.21"]
[Round "4"]
[White "Pilley, Jack"]
[Black "Wynarczyk, Raymond"]
[Result "1/2-1/2"]
[WhiteElo "1791"]
[BlackElo "1703"]
[PlyCount "105"]
[EventDate "2024.01.19"]
[EventType "swiss"]
[EventRounds "5"]
[EventCountry "ENG"]
[SourceTitle "CB05_2024"]
[SourceDate "2024.01.31"]
[SourceVersion "1"]
[SourceVersionDate "2024.01.31"]
[SourceQuality "1"]

1. e4 d6 2. d4 Nf6 3. Nc3 Nbd7 4. f4 e5 5. Nf3 exd4 6. Qxd4 c6 7. h3 Qb6 8. Qxb6 Nxb6 9. Be3 Be6 10. f5 Bc4 11. 0-0-0 Bxf1 12. Rhxf1 Be7 13. Bf4 Rd8 14. Rd3 0-0 15. Rfd1 d5 16. e5 Ne4 17. Nxe4 dxe4 18. Rxd8 Rxd8 19. Rxd8+ Bxd8 20. Ne1 Nd5 21. Bh2 Bg5+ 22. Kd1 Ne3+ 23. Ke2 Nxf5 24. c3 Bc1 25. b3 g5 26. g4 Ne7 27. Bg1 b6 28. Be3 Bxe3 29. Kxe3 Nd5+ 30. Kd4 Nf4 31. c4 Nxh3 32. Kxe4 Nf4 33. Nf3 Ne6 34. b4 a6 35. Kf5 h6 36. Ke4 Kg7 37. Kf5 c5 38. a3 b5 39. Nd2 cxb4 40. axb4 bxc4 41. Nxc4 Nd4+ 42. Ke4 Nc6 43. Kf5 Nxb4 44. e6 fxe6+ 45. Kxe6 h5 46. gxh5 g4 47. Ne3 a5 48. Ke5 a4 49. Kd4 Kh6 50. Nxg4+ Kxh5 51. Ne3 Kg5 52. Kc3 Nc6 53. Nd5 1/2-1/2

[Event "Douglas Major & Minor op"]
[Site "Douglas"]
[Date "2023.11.02"]
[Round "6"]
[White "Wynarczyk, Raymond"]
[Black "Berendsen, David"]
[Result "1/2-1/2"]
[WhiteElo "1676"]
[BlackElo "1805"]
[PlyCount "28"]
[EventDate "2023.10.28"]
[EventType "swiss"]
[EventRounds "7"]
[EventCountry "IOM"]
[SourceTitle "CB46_2023"]
[SourceDate "2023.11.15"]
[SourceVersion "1"]
[SourceVersionDate "2023.11.15"]
[SourceQuality "1"]

1. e4 d6 2. d4 Nf6 3. Nc3 Nbd7 4. f4 e5 5. Nf3 exd4 6. Nxd4 g6 7. Bc4 Bg7 8. Be3 0-0 9. 0-0 Re8 10. f5 Ne5 11. Be2 gxf5 12. Nxf5 Bxf5 13. Rxf5 Qd7 14. Qf1 Re6 1/2-1/2

[Event "Douglas Major & Minor op"]
[Site "Douglas"]
[Date "2023.11.01"]
[Round "5"]
[White "Pert, Max P"]
[Black "Wynarczyk, Raymond"]
[Result "1/2-1/2"]
[WhiteElo "1893"]
[BlackElo "1676"]
[PlyCount "85"]
[EventDate "2023.10.28"]
[EventType "swiss"]
[EventRounds "7"]
[EventCountry "IOM"]
[SourceTitle "CB46_2023"]
[SourceDate "2023.11.15"]
[SourceVersion "1"]
[SourceVersionDate "2023.11.15"]
[SourceQuality "1"]

1. d4 d5 2. Nf3 Nf6 3. c4 e6 4. Nc3 Bb4 5. Bg5 dxc4 6. e4 c5 7. Bxc4 cxd4 8. Nxd4 Qa5 9. Bxf6 Bxc3+ 10. bxc3 Qxc3+ 11. Kf1 gxf6 12. Rc1 Qa5 13. h4 Bd7 14. Rh3 Nc6 15. Nb5 Ne5 16. Nd6+ Ke7 17. Rb3 Qc7 18. Nb5 Bxb5 19. Bxb5 Qd6 20. f4 Qxd1+ 21. Rxd1 a6 22. fxe5 axb5 23. Rxb5 fxe5 24. Rxb7+ Kf6 25. Rdd7 Rhf8 26. Rd2 Ra4 27. Re2 Kg6 28. g4 f5 29. exf5+ exf5 30. Rxe5 fxg4+ 31. Kg1 Rf5 32. Rb6+ Rf6 33. h5+ Kg7 34. Re7+ Rf7 35. h6+ Kf8 36. Re2 Rfa7 37. Rbe6 Kf7 38. Rb6 Rxa2 39. Rxa2 Rxa2 40. Rb7+ Kg6 41. Rg7+ Kxh6 42. Rxg4 Kh5 43. Rg2 1/2-1/2

[Event "Douglas Major & Minor op"]
[Site "Douglas"]
[Date "2023.10.30"]
[Round "3"]
[White "Coote, Trevor D"]
[Black "Wynarczyk, Raymond"]
[Result "1/2-1/2"]
[WhiteElo "2001"]
[BlackElo "1676"]
[PlyCount "111"]
[EventDate "2023.10.28"]
[EventType "swiss"]
[EventRounds "7"]
[EventCountry "IOM"]
[SourceTitle "CB46_2023"]
[SourceDate "2023.11.15"]
[SourceVersion "1"]
[SourceVersionDate "2023.11.15"]
[SourceQuality "1"]

1. d4 d5 2. e4 dxe4 3. Nc3 Nf6 4. f3 exf3 5. Nxf3 g6 6. Bc4 Bg7 7. 0-0 0-0 8. Bg5 Bg4 9. Qd2 Nc6 10. Rad1 a6 11. a4 Qd7 12. Bh6 Bxf3 13. Rxf3 Qxd4+ 14. Qxd4 Nxd4 15. Rxf6 Bxh6 16. Rff1 Nxc2 17. Nd5 Ne3 18. Nxe3 Bxe3+ 19. Kh1 e6 20. Rd7 Bb6 21. b4 Rad8 22. Rfxf7 Rxf7 23. Rxd8+ Kg7 24. a5 Rf4 25. Be2 Rd4 26. Rxd4 Bxd4 27. b5 axb5 28. Bxb5 c6 29. Bc4 Kf6 30. g4 g5 31. Kg2 Ke5 32. Kf3 Bc3 33. a6 bxa6 34. Bxa6 Kd4 35. Bb7 c5 36. Ke2 c4 37. Kf3 Bb4 38. Be4 h6 39. Bg6 Bd6 40. h3 Bf4 41. Bh7 Kc3 42. Ke2 e5 43. Bf5 Kd4 44. Kf3 c3 45. Bc2 Bd2 46. Bf5 Kc4 47. Ke2 Kb3 48. Kd1 Bf4 49. Bg6 Kc4 50. Ke2 Kd4 51. Kf3 Bc1 52. Bf5 Kc4 53. Ke2 Ba3 54. Bc2 Bc5 55. Bf5 Bg1 56. Bc2 1/2-1/2

[Event "Guernsey op 46th"]
[Site "St James"]
[Date "2022.10.18"]
[Round "3"]
[White "Wynarczyk, Raymond"]
[Black "Berkley, Stephen W"]
[Result "1/2-1/2"]
[WhiteElo "1739"]
[BlackElo "1617"]
[PlyCount "38"]
[EventDate "2022.10.16"]
[EventType "swiss"]
[EventRounds "7"]
[EventCountry "GCI"]
[SourceTitle "EXT 2024"]
[Source "ChessBase"]
[SourceDate "2023.10.10"]
[SourceVersion "1"]
[SourceVersionDate "2023.10.10"]
[SourceQuality "1"]

1. e4 e6 2. d4 d5 3. Nc3 Nf6 4. Bg5 Bb4 5. e5 h6 6. exf6 hxg5 7. fxg7 Rg8 8. h4 gxh4 9. Qg4 Be7 10. g3 Bf6 11. gxh4 Bxg7 12. Nf3 c5 13. Bb5+ Nd7 14. h5 Kf8 15. Rg1 Nf6 16. Qg5 cxd4 17. Nxd4 Bh8 18. Qh6+ Bg7 19. Qg5 Bh8 1/2-1/2

[Event "South Normanton 4NCL op 23rd"]
[Site "South Normanton"]
[Date "2019.10.06"]
[Round "4"]
[White "Okhai, Shabir"]
[Black "Wynarczyk, Raymond"]
[Result "1-0"]
[WhiteElo "2159"]
[BlackElo "1794"]
[PlyCount "91"]
[EventDate "2019.10.04"]
[EventType "swiss"]
[EventRounds "5"]
[EventCountry "ENG"]
[SourceTitle "CBM 192 Extra"]
[Source "Chessbase"]
[SourceDate "2019.11.06"]
[SourceVersion "1"]
[SourceVersionDate "2019.11.06"]
[SourceQuality "1"]

1. e4 e5 2. Nf3 d6 3. d4 exd4 4. Nxd4 Nf6 5. Nc3 Be7 6. Be2 0-0 7. Bf4 Nbd7 8. Qd2 a6 9. g4 Nc5 10. f3 Ne6 11. Bg3 Bd7 12. h4 b5 13. g5 Nh5 14. Bh2 g6 15. Nd5 Nxd4 16. Qxd4 Be6 17. 0-0-0 Bxd5 18. exd5 Ng7 19. f4 Rc8 20. Bg4 c5 21. Qd2 Rb8 22. Bg1 b4 23. h5 Nf5 24. Qh2 Bxg5 25. Bxf5 gxf5 26. fxg5 Qxg5+ 27. Kb1 Qf6 28. Be3 Kh8 29. Rhg1 Rg8 30. Bf4 Rbd8 31. b3 h6 32. Bc1 Kh7 33. Qf4 Rxg1 34. Rxg1 Rg8 35. Rxg8 Kxg8 36. Qxh6 Qe5 37. Qg5+ Kh7 38. h6 a5 39. a4 bxa3 40. Bxa3 c4 41. bxc4 Qd4 42. Bb2 Qd1+ 43. Ka2 Qg4 44. Qxg4 fxg4 45. c5 g3 46. c6 1-0

[Event "South Normanton 4NCL op 23rd"]
[Site "South Normanton"]
[Date "2019.10.05"]
[Round "2"]
[White "Modi, Kishan Jagdish"]
[Black "Wynarczyk, Raymond"]
[Result "0-1"]
[WhiteElo "2004"]
[BlackElo "1794"]
[PlyCount "156"]
[EventDate "2019.10.04"]
[EventType "swiss"]
[EventRounds "5"]
[EventCountry "ENG"]
[SourceTitle "CBM 192 Extra"]
[Source "Chessbase"]
[SourceDate "2019.11.06"]
[SourceVersion "1"]
[SourceVersionDate "2019.11.06"]
[SourceQuality "1"]

1. e4 e5 2. Nf3 d6 3. d4 exd4 4. Nxd4 Nf6 5. Nc3 Be7 6. g3 d5 7. e5 Ng4 8. Bg2 c6 9. f4 0-0 10. h3 Nh6 11. 0-0 Bc5 12. Nce2 Nf5 13. c3 Re8 14. Kh2 f6 15. Qc2 Nxd4 16. cxd4 Bf8 17. Qb3 Qb6 18. Qf3 Bf5 19. exf6 gxf6 20. Qh5 Bg6 21. Qf3 Qb5 22. Nc3 Qd3 23. Qxd3 Bxd3 24. Rd1 Bc4 25. Bd2 Nd7 26. Re1 Bb4 27. b3 Bd3 28. g4 Kf7 29. Kg3 Rxe1 30. Rxe1 Re8 31. Rxe8 Kxe8 32. Kf2 a5 33. Ke3 Bc2 34. f5 b6 35. Ne2 Bf8 36. Nf4 Bb1 37. Nd3 Bxa2 38. Nc1 Bb1 39. Ke2 Bc2 40. Bf4 Ba3 41. h4 Bxc1 42. Bxc1 Bxb3 43. g5 Kf7 44. Bf3 Bc2 45. Bg4 c5 46. g6+ Kg7 47. dxc5 bxc5 48. h5 h6 49. Ba3 Ne5 50. Bh3 Bd3+ 51. Kd1 c4 52. Bb2 Nf3 53. Bg2 Be4 54. Ke2 Ng1+ 55. Kf2 Bxg2 56. Kxg1 Bf3 57. Kf2 Bxh5 58. Ke3 Bg4 59. Kf4 Bh5 60. Ke3 Bd1 61. Kf4 a4 62. Kg3 Bc2 63. Kf4 h5 64. Bc3 h4 65. Kg4 h3 66. Kxh3 Bxf5+ 67. Kg3 Kxg6 68. Kf4 Bd3 69. Bb2 Kf7 70. Ke3 Ke6 71. Kf4 f5 72. Ke3 Kd6 73. Bd4 Kc6 74. Bb2 Kb5 75. Ba3 Be4 76. Bd6 c3 77. Ba3 Kc4 78. Bd6 Kb3 0-1

[Event "SCO-ch 126th"]
[Site "Edinburgh"]
[Date "2019.07.14"]
[Round "9"]
[White "Wynarczyk, Raymond"]
[Black "Roy, Ali"]
[Result "1/2-1/2"]
[WhiteElo "1852"]
[BlackElo "1871"]
[PlyCount "35"]
[EventDate "2019.07.06"]
[EventType "swiss"]
[EventRounds "9"]
[EventCountry "SCO"]
[SourceTitle "CBM 191 Extra"]
[Source "ChessBase"]
[SourceDate "2019.09.30"]
[SourceVersion "1"]
[SourceVersionDate "2019.09.30"]
[SourceQuality "1"]

1. e4 e6 2. d4 d5 3. Nc3 Nf6 4. Bg5 dxe4 5. Nxe4 Be7 6. Nxf6+ Bxf6 7. Bxf6 Qxf6 8. Nf3 c5 9. c3 cxd4 10. Qxd4 Qxd4 11. Nxd4 a6 12. Bd3 e5 13. Nf5 g6 14. Nd6+ Ke7 15. Nxc8+ Rxc8 16. Be4 Ra7 17. g4 Nd7 18. g5 1/2-1/2

[Event "SCO-ch 126th"]
[Site "Edinburgh"]
[Date "2019.07.08"]
[Round "3"]
[White "Wynarczyk, Raymond"]
[Black "Moreby, James"]
[Result "0-1"]
[WhiteElo "1852"]
[BlackElo "2100"]
[PlyCount "96"]
[EventDate "2019.07.06"]
[EventType "swiss"]
[EventRounds "9"]
[EventCountry "SCO"]
[SourceTitle "CBM 191 Extra"]
[Source "ChessBase"]
[SourceDate "2019.09.30"]
[SourceVersion "1"]
[SourceVersionDate "2019.09.30"]
[SourceQuality "1"]

1. e4 c5 2. Nf3 d6 3. Bb5+ Nd7 4. d4 cxd4 5. Qxd4 a6 6. Ba4 b5 7. Bb3 Bb7 8. Nc3 Ngf6 9. Bg5 e6 10. 0-0 Be7 11. Rad1 0-0 12. Bh4 e5 13. Qe3 Ng4 14. Bxe7 Nxe3 15. Bxd8 Nxd1 16. Be7 Nxc3 17. bxc3 Bxe4 18. Ng5 Bg6 19. Bxf8 Kxf8 20. f4 Nf6 21. f5 Bh5 22. h3 h6 23. Nf3 Bxf3 24. Rxf3 Rc8 25. Rd3 Ne4 26. Bd5 Nxc3 27. Bb7 Rc7 28. Bxa6 d5 29. Kf1 d4 30. Ke1 Ke8 31. Rg3 f6 32. Rxc3 Rxc3 33. Bxb5+ Ke7 34. Bd3 Kd6 35. a4 Ra3 36. Bb5 Kc5 37. Kd2 Kb4 38. Bc6 Rxa4 39. Bxa4 Kxa4 40. c3 dxc3+ 41. Kxc3 Kb5 42. Kd3 Kc5 43. Ke4 Kc4 44. g4 Kc5 45. Ke3 Kd5 46. Kd3 e4+ 47. Ke3 Ke5 48. h4 Kd5 0-1

[Event "Arco op 40th"]
[Site "Arco"]
[Date "2018.10.18"]
[Round "6"]
[White "Knors, Rudi"]
[Black "Wynarczyk, Raymond"]
[Result "1/2-1/2"]
[WhiteElo "2091"]
[BlackElo "1908"]
[PlyCount "85"]
[EventDate "2018.10.13"]
[EventType "swiss"]
[EventRounds "9"]
[EventCountry "ITA"]
[SourceTitle "CBM 186 Extra"]
[Source "ChessBase"]
[SourceDate "2018.08.24"]
[SourceVersion "1"]
[SourceVersionDate "2018.08.24"]
[SourceQuality "1"]

1. d4 d5 2. Nf3 Nf6 3. c4 e6 4. Nc3 Bb4 5. Bg5 dxc4 6. Qa4+ Nc6 7. e3 Bd7 8. Qc2 b5 9. Be2 a6 10. a4 Rb8 11. 0-0 Be7 12. axb5 axb5 13. Rfd1 Nb4 14. Qb1 Nfd5 15. Bxe7 Qxe7 16. Ne4 f5 17. Nc5 Nc6 18. e4 Nf4 19. Bf1 0-0 20. g3 Ng6 21. e5 f4 22. Bg2 fxg3 23. hxg3 Rbd8 24. Qe4 Nb4 25. Qg4 Nd3 26. Nxd3 cxd3 27. Rxd3 Bc6 28. Rc3 Bd5 29. Ng5 Bxg2 30. Kxg2 Rf5 31. Nf3 Rdf8 32. Ra7 Rc8 33. Qe4 Qd7 34. Rc5 Ne7 35. Qb7 Nd5 36. Qxb5 Qf7 37. Ra3 Rf8 38. Qe2 Qg6 39. Kf1 Qg4 40. Rxd5 exd5 41. Kg2 Qe4 42. Re3 Qg4 43. e6 1/2-1/2

[Event "Arco op 40th"]
[Site "Arco"]
[Date "2018.10.17"]
[Round "5"]
[White "Wynarczyk, Raymond"]
[Black "Kostov, Kiril"]
[Result "1-0"]
[WhiteElo "1908"]
[BlackElo "1576"]
[PlyCount "51"]
[EventDate "2018.10.13"]
[EventType "swiss"]
[EventRounds "9"]
[EventCountry "ITA"]
[SourceTitle "CBM 186 Extra"]
[Source "ChessBase"]
[SourceDate "2018.08.24"]
[SourceVersion "1"]
[SourceVersionDate "2018.08.24"]
[SourceQuality "1"]

1. e4 c5 2. Nf3 d6 3. Bb5+ Bd7 4. c4 a6 5. Bxd7+ Qxd7 6. d4 cxd4 7. Nxd4 Nf6 8. Nc3 e6 9. Bg5 Be7 10. 0-0 0-0 11. Qd3 Qc7 12. b3 Nbd7 13. f4 Nc5 14. Qf3 Qb6 15. Kh1 Ncd7 16. Rad1 Rac8 17. Qg3 Qa5 18. Qe1 Rfe8 19. Nd5 Qxa2 20. Nxe7+ Rxe7 21. e5 Qa3 22. exf6 gxf6 23. Nf5 exf5 24. Qxe7 fxg5 25. Qxd7 Rf8 26. Qxf5 1-0

[Event "Arco op 40th"]
[Site "Arco"]
[Date "2018.10.14"]
[Round "2"]
[White "Bernardi, Ruben"]
[Black "Wynarczyk, Raymond"]
[Result "1-0"]
[WhiteElo "2140"]
[BlackElo "1908"]
[PlyCount "65"]
[EventDate "2018.10.13"]
[EventType "swiss"]
[EventRounds "9"]
[EventCountry "ITA"]
[SourceTitle "CBM 186 Extra"]
[Source "ChessBase"]
[SourceDate "2018.08.24"]
[SourceVersion "1"]
[SourceVersionDate "2018.08.24"]
[SourceQuality "1"]

1. e4 e5 2. Nf3 d6 3. d4 exd4 4. Nxd4 Nf6 5. Nc3 Be7 6. Bf4 0-0 7. Be2 a6 8. 0-0 Re8 9. Bf3 Nbd7 10. Nf5 Bf8 11. h3 Ne5 12. g4 Nxf3+ 13. Qxf3 Bxf5 14. exf5 c6 15. Rad1 d5 16. a3 Ne4 17. Nxe4 Rxe4 18. Qxe4 dxe4 19. Rxd8 Rxd8 20. Re1 Re8 21. Rd1 f6 22. Rd7 Bc5 23. Rxb7 e3 24. Bxe3 Bxe3 25. fxe3 Rxe3 26. Rc7 Rxh3 27. Kg2 Re3 28. Rxc6 a5 29. Re6 Rxe6 30. fxe6 a4 31. b4 axb3 32. cxb3 Kf8 33. a4 1-0

[Event "Wakefield 4NCL op 13th"]
[Site "Wakefield"]
[Date "2017.04.09"]
[Round "4"]
[White "Starley, Robert"]
[Black "Wynarczyk, Raymond"]
[Result "1/2-1/2"]
[WhiteElo "2075"]
[BlackElo "1932"]
[PlyCount "143"]
[EventDate "2017.04.07"]
[EventType "swiss"]
[EventRounds "5"]
[EventCountry "ENG"]
[SourceTitle "CBM 177 Extra"]
[Source "ChessBase"]
[SourceDate "2017.04.27"]
[SourceVersion "1"]
[SourceVersionDate "2017.04.27"]
[SourceQuality "1"]

1. e4 e5 2. Nf3 d6 3. d4 exd4 4. Qxd4 a6 5. Bg5 Nc6 6. Bxd8 Nxd4 7. Nxd4 Kxd8 8. Bc4 c5 9. Nf3 Be6 10. Bxe6 fxe6 11. Nc3 Be7 12. 0-0-0 Kc7 13. Rd3 Nh6 14. Rhd1 Rad8 15. a4 Ng4 16. R3d2 Bf6 17. Nb1 Ne5 18. Nxe5 Bxe5 19. g3 b5 20. Na3 Kc6 21. axb5+ axb5 22. c4 bxc4 23. Nxc4 Bd4 24. Na5+ Kb6 25. Nb3 e5 26. Re2 g5 27. Nd2 Rhf8 28. f3 Ra8 29. Kc2 Kc6 30. Kb1 Rab8 31. b3 c4 32. Rc1 c3 33. Nc4 Rxb3+ 34. Kc2 Rb4 35. Na5+ Kb5 36. Nb3 Rxf3 37. Rb1 Bb6 38. Rd1 Kc6 39. Ra1 Bd4 40. Ra6+ Rb6 41. Ra4 Bc5 42. Ra5 Bd4 43. Ra4 Rb7 44. Rc4+ Kd7 45. Ra4 Bb6 46. Rb4 Kc8 47. Rc4+ Rc7 48. Rb4 Rc6 49. Nc1 Bd4 50. Ra4 Kb7 51. Rb4+ Rb6 52. Rxb6+ Kxb6 53. Nb3 Kb5 54. Kc1 Kb4 55. Kc2 Re3 56. Nc1 Kc4 57. Rxe3 Bxe3 58. Ne2 g4 59. Nxc3 Bg1 60. Ne2 Bxh2 61. Kd2 h5 62. Ke3 d5 63. exd5 Kxd5 64. Kf2 Ke4 65. Kg2 Ke3 66. Nc1 Bxg3 67. Kxg3 Kd2 68. Nb3+ Kc3 69. Nc5 Kd4 70. Ne6+ Kd3 71. Ng7 e4 72. Nxh5 1/2-1/2

[Event "Arco op 38th"]
[Site "Arco"]
[Date "2016.10.13"]
[Round "6"]
[White "Pompili, Ugo"]
[Black "Wynarczyk, Raymond"]
[Result "0-1"]
[WhiteElo "1751"]
[BlackElo "1997"]
[PlyCount "62"]
[EventDate "2016.10.08"]
[EventType "swiss"]
[EventRounds "9"]
[EventCountry "ITA"]
[SourceTitle "EXT 2017"]
[Source "ChessBase"]
[SourceDate "2016.10.25"]
[SourceVersion "1"]
[SourceVersionDate "2016.10.25"]
[SourceQuality "1"]

1. Nf3 d5 2. d3 Nf6 3. e3 Bg4 4. Be2 e6 5. Nc3 Bd6 6. d4 Nbd7 7. 0-0 0-0 8. a3 c6 9. b3 Qc7 10. h3 Bh5 11. Bb2 Rfe8 12. Re1 Rac8 13. Rc1 e5 14. dxe5 Nxe5 15. Nd4 Bg6 16. f4 Ned7 17. f5 Rxe3 18. fxg6 hxg6 19. Bf3 Bf4 20. Rb1 Rxe1+ 21. Qxe1 Re8 22. Qd1 Ne5 23. Kh1 Nxf3 24. Nxf3 Nh5 25. Kg1 Be3+ 26. Kh1 Ng3+ 27. Kh2 Ne4+ 28. Kh1 Nf2+ 29. Kg1 Nxd1+ 30. Kf1 Nxb2 31. Rxb2 Qa5 0-1